Mots par définition #3 - Instruments de musique - Statistiques

Statistiques générales
  • Ce quiz a été pris 455 fois
  • Le résultat moyen est 9 sur 15
Statistiques - réponses
Genre Définition Instrument % Correct
Nom Masculin Se compose d'une tige d'acier repliée en triangle suspendue à une cordelette et frappée au moyen d'une baguette d'acier. Triangle
86%
Nom Masculin Instrument de musique constitué d'un certain nombre de tuyaux résonnant par l'intermédiaire d'un ou plusieurs claviers et d'un pédalier sous la pression du vent contenu dans des soufflets. Orgue
81%
Nom Masculin Instrument de musique constitué d'un jeu de lames en bois, accordées, disposées en clavier au-dessus d'une cavité ou tenues par un cadre et frappées avec des baguettes ou des mailloches. Xylophone
75%
Nom Féminin Chacun des deux plateaux circulaires en métal que l'on frappe l'un contre l'autre et dont l'ensemble constitue un instrument de musique à percussion. Cymbale
74%
Nom Masculin Instrument de musique à percussion, composé d'un disque en bronze, suspendu, frappé à l'aide d'une mailloche, d'un bâton ou au poing. Gong
74%
Nom Masculin Instrument à air composé d'un soufflet et de deux claviers à touches ou à boutons dont le jeu déclenche des soupapes auxquelles correspondent des lamelles de métal qui vibrent au passage de l'air. Accordéon
73%
Nom Masculin Instrument à air et à embouchure, muni d'une coulisse avec laquelle l'exécutant allonge ou raccourcit la colonne d'air en vibration pour modifier la hauteur des sons. Trombone
72%
Nom Féminin Instrument de musique constitué d'une outre en peau, servant de réservoir d'air, à laquelle son fixés des tuyaux à anches. Cornemuse
71%
Nom Masculin Tambour africain en bois, de forme tronconique, recouvert d'une peau de chèvre tendue par des cordes. Djembé
61%
Nom Masculin Appareil qui produit une note dont la fréquence sert de référence pour l'accord des voix et des instruments. Diapason
57%
Nom Féminin Instrument de musique formé d'un hochet en courge, utilisé en Amérique latine. Maraca
53%
Nom Masculin Petit instrument à vent ou à friction avec lequel on imite le cri des oiseaux et des mammifères pour les attirer. Appeau
46%
Nom Masculin Instrument essentiellement militaire, à air et à embouchure, dont le corps conique, en cuivre ou en laiton, peut s'enrouler en une ou deux boucles. Clairon
44%
Nom Masculin Instrument à vent des Aborigènes d’Australie, fait d’une longue pièce de bois creux dont l’embouchure est façonnée avec de la cire d’abeille. Didjeridoo
43%
Nom Masculin Instrument de musique latino-américain constitué de deux petits tambours à une peau, juxtaposés. Bongo
26%
Aucun quiz correspondant
Distribution des résultats
% des personnes avec chaque résultat
Percentile par nombre de réponses
Votre historique - résultats
Vous n’avez pas pris ce quiz